000 00294nam a2200121Ia 4500
008 190216s9999||||xx |||||||||||||| ||und||
100 _aMohammed Kutti Ki
245 0 _aSubsidiary Rasathandram
260 _bKerala Bhasha Institute
_c1988
300 _a603p
650 _aChemistry
942 _cBK
999 _c40511
_d40511